[Event "Belgrade Serbia op"]
[Site "Belgrade"]
[Date "2023.07.22"]
[Round "7"]
[White "Garabetyan, Arno"]
[Black "Masic, Predrag"]
[Result "0-1"]
[WhiteElo "2035"]
[BlackElo "2196"]
[PlyCount "74"]
[EventDate "2023.07.16"]
[EventType "swiss"]
[EventRounds "9"]
[EventCountry "SRB"]
[SourceTitle "EXT 2024"]
[Source "ChessBase"]
[SourceDate "2023.10.10"]
[SourceVersion "1"]
[SourceVersionDate "2023.10.10"]
[SourceQuality "1"]

1. d4 e6 2. c4 Nf6 3. Nf3 d5 4. g3 c6 5. Nbd2 a5 6. Bg2 Be7 7. 0-0 0-0 8. Qc2 a4 9. a3 Nbd7 10. e4 Qa5 11. Rd1 Rd8 12. cxd5 cxd5 13. e5 Ne8 14. Nb1 Nf8 15. Nc3 Bd7 16. Bf1 Rdc8 17. Bd2 Qb6 18. h4 f5 19. exf6 Nxf6 20. Qd3 Be8 21. Qe3 Bh5 22. Kg2 Ng4 23. Qd3 Ng6 24. Qb5 Qd6 25. Re1 Rf8 26. Be2 Nxf2 27. Kxf2 Bxh4 28. Rg1 Rxf3+ 29. Bxf3 Rf8 30. Ne2 Rxf3+ 31. Ke1 Rxg3 32. Rxg3 Bxg3+ 33. Kd1 Nf4 34. Bxf4 Qxf4 35. Qe8+ Bxe8 36. Nxf4 Bxf4 37. Ke2 g5 0-1

[Event "TUR-ch Seniors 50"]
[Site "Ankara"]
[Date "2023.05.25"]
[Round "7"]
[White "Garabetyan, Arno"]
[Black "Keles, Cengiz Ozdemir"]
[Result "1/2-1/2"]
[WhiteElo "2047"]
[BlackElo "2007"]
[PlyCount "49"]
[EventDate "2023.05.19"]
[EventType "swiss"]
[EventRounds "9"]
[EventCountry "TUR"]
[SourceTitle "CBM 214 Extra"]
[Source "ChessBase"]
[SourceDate "2023.07.31"]
[SourceVersion "1"]
[SourceVersionDate "2023.07.31"]
[SourceQuality "1"]

1. d4 d5 2. c4 Bf5 3. cxd5 Bxb1 4. Qa4+ c6 5. Rxb1 Qxd5 6. Nf3 Nd7 7. e3 e6 8. Qc4 Ngf6 9. a3 Bd6 10. Qxd5 cxd5 11. Bd3 Rc8 12. Bd2 Ke7 13. Ke2 Nb6 14. Rhc1 h6 15. Bb4 Rxc1 16. Rxc1 Rc8 17. Bxd6+ Kxd6 18. Rxc8 Nxc8 19. Ne5 Ke7 20. f3 Nd6 21. g4 Nd7 22. b3 f6 23. Nxd7 Kxd7 24. h4 g5 25. hxg5 1/2-1/2

[Event "EU-ch Seniors 50 21st"]
[Site "Lublin"]
[Date "2022.07.08"]
[Round "4"]
[White "Garabetyan, Arno"]
[Black "Sielicki, Tomasz"]
[Result "1/2-1/2"]
[WhiteElo "2056"]
[BlackElo "1967"]
[PlyCount "90"]
[EventDate "2022.07.05"]
[EventType "swiss"]
[EventRounds "9"]
[EventCountry "POL"]
[SourceTitle "CBM 209 Extra"]
[Source "ChessBase"]
[SourceDate "2022.09.30"]
[SourceVersion "1"]
[SourceVersionDate "2022.09.30"]
[SourceQuality "1"]

1. d4 d5 2. c4 e6 3. Nc3 c5 4. cxd5 exd5 5. Nf3 Nc6 6. dxc5 d4 7. Na4 Bxc5 8. Nxc5 Qa5+ 9. Bd2 Qxc5 10. Rc1 Qb6 11. e3 Nf6 12. Bc4 dxe3 13. Bxe3 Qb4+ 14. Qd2 Qxd2+ 15. Bxd2 0-0 16. 0-0 Bg4 17. Rfe1 Rfd8 18. Bg5 h6 19. Bxf6 gxf6 20. Nh4 Ne5 21. h3 Nxc4 22. hxg4 Ne5 23. Rc7 Nxg4 24. Rxb7 Rab8 25. Rxb8 Rxb8 26. f3 Ne5 27. b3 Rd8 28. Re4 Rd5 29. Kf1 Nd3 30. Rc4 Re5 31. Kg1 a5 32. Kh2 Re2 33. Ra4 Re5 34. Rd4 Nb4 35. Rd2 Rc5 36. g4 h5 37. Nf5 hxg4 38. fxg4 Kh7 39. Kg3 Rc3+ 40. Kf4 Nd3+ 41. Ke4 Ne5 42. Rh2+ Kg6 43. Rg2 Kg5 44. Ne3 Rc1 45. Rf2 Nxg4 1/2-1/2

[Event "Paracin Summer op 14th"]
[Site "Paracin"]
[Date "2021.07.10"]
[Round "3"]
[White "Yordanov, Lachezar"]
[Black "Garabetyan, Arno"]
[Result "1-0"]
[WhiteElo "2325"]
[BlackElo "2096"]
[PlyCount "103"]
[EventDate "2021.07.09"]
[EventType "swiss"]
[EventRounds "9"]
[EventCountry "SRB"]
[SourceTitle "EXT 2022"]
[Source "ChessBase"]
[SourceDate "2021.10.06"]
[SourceVersion "1"]
[SourceVersionDate "2021.10.06"]
[SourceQuality "1"]

1. d4 Nf6 2. c4 e6 3. Nc3 Bb4 4. e3 0-0 5. Nf3 c5 6. Bd3 d5 7. cxd5 Nxd5 8. Bd2 cxd4 9. exd4 Nf6 10. 0-0 Nc6 11. Bg5 Be7 12. Rc1 Nb4 13. Bb1 Bd7 14. Ne5 Bc6 15. a3 Nbd5 16. Nxc6 bxc6 17. Qd3 g6 18. Na4 Qd6 19. Qg3 Rfd8 20. Rfd1 Rab8 21. b4 Kg7 22. Nc5 h6 23. Bd2 Qxg3 24. hxg3 Ne8 25. Nd3 Bf6 26. Ne5 Bxe5 27. dxe5 Ne7 28. Be3 Rxd1+ 29. Rxd1 Nd5 30. Bd4 Nec7 31. Rc1 Nb5 32. Bb2 a5 33. bxa5 Nbc3 34. Bxc3 Nxc3 35. Bd3 Rb3 36. Ra1 Nb5 37. Bf1 Na7 38. a6 Kf8 39. Bc4 Rb8 40. g4 Ke7 41. f4 Rb2 42. Rc1 Rb6 43. Kf2 Rb8 44. Ke3 c5 45. Bd3 Rc8 46. Be4 Rc7 47. a4 c4 48. Kd4 c3 49. Rxc3 Rxc3 50. Kxc3 Kd8 51. Bb7 Kc7 52. Kb4 1-0

[Event "Belgrade Serbia op"]
[Site "Belgrade"]
[Date "2021.07.06"]
[Round "6"]
[White "Garabetyan, Arno"]
[Black "Korkmaz, Necmettin"]
[Result "0-1"]
[WhiteElo "2096"]
[BlackElo "2101"]
[PlyCount "60"]
[EventDate "2021.07.02"]
[EventType "swiss"]
[EventRounds "9"]
[EventCountry "SRB"]
[SourceTitle "EXT 2022"]
[Source "ChessBase"]
[SourceDate "2021.10.06"]
[SourceVersion "1"]
[SourceVersionDate "2021.10.06"]
[SourceQuality "1"]

1. d4 d5 2. c4 c6 3. Nc3 Nf6 4. e3 e6 5. b3 Bb4 6. Bb2 Ne4 7. Qc2 f5 8. Bd3 Nd7 9. Nge2 Qh4 10. 0-0 Ndf6 11. f3 Bd6 12. g3 Qh6 13. Qc1 0-0 14. Bxe4 fxe4 15. f4 Ng4 16. h4 Bd7 17. Kg2 Be8 18. Ng1 Bh5 19. Nd1 Qg6 20. Nf2 Nh6 21. Kh2 Nf5 22. Nh1 Bg4 23. Qe1 Qh5 24. Nh3 h6 25. N1f2 Be2 26. Bc1 Bb4 27. Qxb4 Bxf1 28. g4 Qxh4 29. gxf5 Rxf5 30. Qxb7 Bxh3 0-1

[Event "Belgrade Serbia op"]
[Site "Belgrade"]
[Date "2021.07.06"]
[Round "7"]
[White "Katic, Goran"]
[Black "Garabetyan, Arno"]
[Result "0-1"]
[WhiteElo "1963"]
[BlackElo "2096"]
[PlyCount "134"]
[EventDate "2021.07.02"]
[EventType "swiss"]
[EventRounds "9"]
[EventCountry "SRB"]
[SourceTitle "EXT 2022"]
[Source "ChessBase"]
[SourceDate "2021.10.06"]
[SourceVersion "1"]
[SourceVersionDate "2021.10.06"]
[SourceQuality "1"]

1. e4 c5 2. c3 Nf6 3. e5 Nd5 4. Na3 d6 5. Nf3 Nc6 6. Bb5 Bd7 7. exd6 exd6 8. 0-0 Be7 9. Nc2 0-0 10. d4 Nf6 11. h3 a6 12. Bd3 Re8 13. c4 Bf8 14. d5 Ne5 15. Nxe5 Rxe5 16. Bf4 Re8 17. Qf3 g6 18. Bg5 Be7 19. Bh6 Nh5 20. g4 Bg5 21. gxh5 Bxh6 22. Qg3 Qg5 23. Qxg5 Bxg5 24. hxg6 hxg6 25. Kg2 Kg7 26. f4 Bf6 27. Rab1 b5 28. b3 b4 29. Rbe1 Bc3 30. Rxe8 Rxe8 31. Rf3 a5 32. a4 bxa3 33. Nxa3 Bf6 34. Nb5 Rb8 35. Rf1 Rb6 36. Rf2 Be7 37. Ra2 Ra6 38. Kg3 Ra8 39. Nc7 Ra7 40. Nb5 Ra8 41. Nc7 Rh8 42. Bf1 Bh4+ 43. Kh2 Rc8 44. Nb5 Re8 45. Re2 Rxe2+ 46. Bxe2 Be7 47. Bg4 f5 48. Be2 g5 49. fxg5 Bxg5 50. Kg2 Bf4 51. Kf3 Be5 52. Na7 a4 53. bxa4 Bxa4 54. Nc6 Bb2 55. Bd3 Kf6 56. h4 Bc1 57. Be2 Bc2 58. Kg3 Be4 59. Bf1 Bd2 60. Kf2 Bf4 61. Be2 Bh2 62. Bf1 f4 63. Be2 Bg3+ 64. Kf1 Bxh4 65. Kg1 f3 66. Bf1 Kf5 67. Kh2 Kf4 0-1

[Event "Veliko Gradiste Silver Lake op"]
[Site "Veliko Gradiste"]
[Date "2018.06.18"]
[Round "2"]
[White "Stoyanov, Tsvetan"]
[Black "Garabetyan, Arno"]
[Result "1-0"]
[WhiteElo "2363"]
[BlackElo "2141"]
[PlyCount "99"]
[EventDate "2018.06.17"]
[EventType "swiss"]
[EventRounds "9"]
[EventCountry "SRB"]
[SourceTitle "CBM 185 Extra"]
[Source "ChessBase"]
[SourceDate "2018.07.29"]
[SourceVersion "1"]
[SourceVersionDate "2018.07.29"]
[SourceQuality "1"]

1. e4 e5 2. Nf3 Nc6 3. Bc4 Bc5 4. d3 Nf6 5. 0-0 a6 6. a4 d6 7. c3 h6 8. h3 0-0 9. Nbd2 Re8 10. Re1 Be6 11. b4 Ba7 12. Bb2 Bxc4 13. Nxc4 Ne7 14. Qe2 Ng6 15. g3 Qd7 16. Kh2 Rad8 17. Na5 c6 18. Red1 d5 19. c4 Nh7 20. Kg2 Re6 21. cxd5 cxd5 22. exd5 Qxd5 23. Qe4 Re7 24. Qxd5 Rxd5 25. Rac1 f6 26. Rc8+ Kf7 27. Ra8 Bb6 28. Nc4 Bc7 29. Ne3 Rd8 30. Rxd8 Bxd8 31. d4 e4 32. Nd2 Ng5 33. h4 Ne6 34. d5 Nef8 35. Nf5 Rd7 36. Nxe4 b6 37. b5 a5 38. Ned6+ Kg8 39. Nc4 Ne7 40. Nfe3 h5 41. Ba3 Kf7 42. d6 Neg6 43. Nd5 Rb7 44. Re1 Nd7 45. f4 Ngf8 46. Re7+ Bxe7 47. dxe7 Rb8 48. Nd6+ Ke6 49. e8Q+ Rxe8 50. Nc7+ 1-0

[Event "Skopje Karposh op"]
[Site "Skopje"]
[Date "2018.03.25"]
[Round "3"]
[White "Sarenac, Ivan"]
[Black "Garabetyan, Arno"]
[Result "1-0"]
[WhiteElo "2403"]
[BlackElo "2136"]
[PlyCount "103"]
[EventDate "2018.03.24"]
[EventType "swiss"]
[EventRounds "9"]
[EventCountry "MKD"]
[SourceTitle "CBM 183 Extra"]
[Source "ChessBase"]
[SourceDate "2018.04.19"]
[SourceVersion "1"]
[SourceVersionDate "2018.04.19"]
[SourceQuality "1"]

1. e4 c5 2. Nc3 a6 3. Nf3 e6 4. Be2 Nc6 5. d4 cxd4 6. Nxd4 Qc7 7. 0-0 Nf6 8. Be3 Be7 9. f4 d6 10. Qe1 0-0 11. Qg3 Nxd4 12. Bxd4 b5 13. a3 Bb7 14. Rae1 Rad8 15. Kh1 Rd7 16. Bd3 Qd8 17. Nd1 d5 18. exd5 Rxd5 19. c3 g6 20. Ne3 Nh5 21. Qh3 Rxd4 22. cxd4 Qxd4 23. Nc2 Nxf4 24. Nxd4 Nxh3 25. Be4 Bxe4 26. Rxe4 Ng5 27. Re2 h5 28. Nc6 Re8 29. Nxe7+ Rxe7 30. Rc1 f5 31. Rc6 Rd7 32. h4 Ne4 33. Kh2 Kf7 34. Rxa6 Rc7 35. Rb6 Rc5 36. Re3 Rd5 37. b3 e5 38. Re2 Nd6 39. g3 e4 40. a4 bxa4 41. bxa4 Ke6 42. Ra2 Ke5 43. Kg2 f4 44. gxf4+ Kxf4 45. a5 Nc4 46. Rf6+ Kg4 47. Rxg6+ Kxh4 48. a6 Ne3+ 49. Kf2 Ng4+ 50. Rxg4+ hxg4 51. a7 Rf5+ 52. Kg2 1-0

[Event "Paracin Winter op"]
[Site "Paracin"]
[Date "2018.02.01"]
[Round "4"]
[White "Radosavljevic, Slobodan D"]
[Black "Garabetyan, Arno"]
[Result "1/2-1/2"]
[WhiteElo "2268"]
[BlackElo "2120"]
[PlyCount "85"]
[EventDate "2018.01.30"]
[EventType "swiss"]
[EventRounds "9"]
[EventCountry "SRB"]
[SourceTitle "CBM 182 Extra"]
[Source "ChessBase"]
[SourceDate "2018.02.23"]
[SourceVersion "1"]
[SourceVersionDate "2018.02.23"]
[SourceQuality "1"]

1. g3 d5 2. Bg2 g6 3. Nf3 Bg7 4. 0-0 e5 5. d3 Nc6 6. c4 dxc4 7. dxc4 Qxd1 8. Rxd1 Be6 9. Na3 h6 10. Be3 a6 11. b3 Nge7 12. Bc5 0-0 13. Nd2 Rfe8 14. Nc2 Rad8 15. Bxe7 Nxe7 16. Bxb7 a5 17. Bg2 e4 18. Rab1 f5 19. Nf1 c5 20. Na3 Nc6 21. Ne3 Nb4 22. Nb5 Nxa2 23. Nc7 Rxd1+ 24. Rxd1 Re7 25. Nxe6 Rxe6 26. Rd8+ Kf7 27. Nd5 Nc3 28. Rd7+ Kf8 29. e3 Be5 30. Nxc3 Bxc3 31. Rd5 Rb6 32. g4 Rxb3 33. gxf5 Rb1+ 34. Bf1 a4 35. Rd8+ Kg7 36. Ra8 Rb4 37. fxg6 Kxg6 38. Ra6+ Kg7 39. h4 h5 40. Be2 Bf6 41. Ra7+ Kg6 42. Ra6 Kg7 43. Ra7+ 1/2-1/2

[Event "Cesme op 5th"]
[Site "Cesme"]
[Date "2017.06.16"]
[Round "7"]
[White "Garabetyan, Arno"]
[Black "Guseynov, Alihan"]
[Result "0-1"]
[WhiteElo "2086"]
[BlackElo "2346"]
[PlyCount "130"]
[EventDate "2017.06.12"]
[EventType "swiss"]
[EventRounds "9"]
[EventCountry "TUR"]
[SourceTitle "CBM 178 Extra"]
[Source "ChessBase"]
[SourceDate "2017.06.22"]
[SourceVersion "1"]
[SourceVersionDate "2017.06.22"]
[SourceQuality "1"]

1. Nf3 g6 2. g3 Bg7 3. c4 c5 4. Bg2 Nc6 5. Nc3 d6 6. 0-0 Bf5 7. a3 Qd7 8. Qa4 Nf6 9. d3 Bh3 10. Bd2 h5 11. Bxh3 Qxh3 12. Ng5 Qd7 13. h4 Nd4 14. Qd1 0-0 15. b4 d5 16. bxc5 dxc4 17. dxc4 Rfd8 18. Ra2 Qg4 19. Rb2 Ne6 20. Qc2 Nxg5 21. Bxg5 Qxc4 22. Bxf6 exf6 23. Ne4 Qd5 24. Rb4 f5 25. Ng5 Rac8 26. Qb3 Rc7 27. Rb1 Qxb3 28. R1xb3 Rdd7 29. e4 fxe4 30. Nxe4 Rd4 31. Ng5 Rdd7 32. Ne4 Be5 33. Kg2 Kf8 34. f4 Ba1 35. Kf3 Kg7 36. Nd6 Rxc5 37. Nxb7 Rc2 38. Na5 Bd4 39. g4 hxg4+ 40. Kxg4 Bc3 41. Rb7 Rd3 42. f5 Rd4+ 43. Kf3 Bxa5 44. fxg6 Kxg6 45. Rxa7 Rc3+ 46. Rxc3 Bxc3 47. h5+ Kf6 48. a4 Rh4 49. a5 Rxh5 50. a6 Ra5 51. Ke4 Be1 52. Ra8 Bf2 53. Kf3 Bb6 54. Ke4 Ra4+ 55. Kf3 Kf5 56. Ke2 f6 57. Kd3 Ra3+ 58. Kc4 Bf2 59. Kb5 Kf4 60. Rh8 f5 61. Rc8 Kf3 62. Rg8 f4 63. Rg6 Ke2 64. Rc6 Be3 65. Kb4 Ra1 0-1

[Event "Cesme op 5th"]
[Site "Cesme"]
[Date "2017.06.14"]
[Round "5"]
[White "Garabetyan, Arno"]
[Black "Yildiz Kadioglu, Betul Cemre"]
[Result "1/2-1/2"]
[WhiteElo "2086"]
[BlackElo "2350"]
[PlyCount "27"]
[EventDate "2017.06.12"]
[EventType "swiss"]
[EventRounds "9"]
[EventCountry "TUR"]
[SourceTitle "CBM 178 Extra"]
[Source "ChessBase"]
[SourceDate "2017.06.22"]
[SourceVersion "1"]
[SourceVersionDate "2017.06.22"]
[SourceQuality "1"]

1. Nf3 d5 2. g3 Nf6 3. Bg2 b5 4. d3 Bb7 5. 0-0 e6 6. c4 dxc4 7. dxc4 Qxd1 8. Rxd1 b4 9. Bf4 Na6 10. Nbd2 Nh5 11. Be3 Bd6 12. Nd4 Bxg2 13. Kxg2 Nf6 14. N2b3 1/2-1/2

[Event "Sarajevo Bosna op 47th"]
[Site "Sarajevo"]
[Date "2017.05.15"]
[Round "4"]
[White "Garabetyan, Arno"]
[Black "Pleh, Semir"]
[Result "1-0"]
[WhiteElo "2050"]
[BlackElo "1678"]
[PlyCount "58"]
[EventDate "2017.05.13"]
[EventType "swiss"]
[EventRounds "9"]
[EventCountry "BIH"]
[SourceTitle "CBM 178 Extra"]
[Source "ChessBase"]
[SourceDate "2017.06.22"]
[SourceVersion "1"]
[SourceVersionDate "2017.06.22"]
[SourceQuality "1"]

1. Nf3 d6 2. g3 g6 3. Bg2 Bg7 4. d4 d5 5. c4 c6 6. 0-0 Nf6 7. b3 0-0 8. Nc3 Nbd7 9. cxd5 Nxd5 10. Bb2 N7f6 11. Na4 Bf5 12. Nd2 Nb6 13. Nc5 Bc8 14. Qc2 Nfd7 15. Nd3 Re8 16. Nf3 Nf6 17. Rfd1 Bf5 18. Nd2 Bxd3 19. Qxd3 Nfd7 20. f4 e6 21. Rac1 Nf6 22. e4 Qc7 23. Nc4 Qd8 24. Bc3 Nc8 25. Na5 Qc7 26. a3 Ne7 27. Bf3 h5 28. Kg2 Red8 29. g4 hxg4 1-0

[Event "Sarajevo Bosna op 47th"]
[Site "Sarajevo"]
[Date "2017.05.13"]
[Round "1"]
[White "Kadric, Denis"]
[Black "Garabetyan, Arno"]
[Result "1/2-1/2"]
[WhiteElo "2535"]
[BlackElo "2050"]
[PlyCount "91"]
[EventDate "2017.05.13"]
[EventType "swiss"]
[EventRounds "9"]
[EventCountry "BIH"]
[SourceTitle "CBM 178 Extra"]
[Source "ChessBase"]
[SourceDate "2017.06.22"]
[SourceVersion "1"]
[SourceVersionDate "2017.06.22"]
[SourceQuality "1"]

1. e4 c5 2. Nc3 e6 3. Nf3 a6 4. d4 cxd4 5. Nxd4 Qc7 6. Bd3 Nf6 7. 0-0 d6 8. f4 Nbd7 9. Kh1 Be7 10. Qe2 b5 11. Bd2 Bb7 12. b4 g6 13. a4 bxa4 14. Nxa4 0-0 15. c4 e5 16. Nb3 exf4 17. Bxf4 Nh5 18. Bd2 Bf6 19. Nc3 Be5 20. Rac1 Qd8 21. g4 Ng7 22. Na5 Rb8 23. Nd5 Ba8 24. Qg2 Kh8 25. Rf3 Ne6 26. Rcf1 Ng5 27. R3f2 Bg7 28. Bb1 Rc8 29. Be3 Ne6 30. Rxf7 Rxf7 31. Rxf7 Nef8 32. Rf1 Ne5 33. Nb6 Rb8 34. Nxa8 Rxa8 35. g5 Qc8 36. Rc1 Ng4 37. Bg1 Rb8 38. Qd2 Ne6 39. Qxd6 Be5 40. Qd1 Nxg5 41. Nc6 Nh3 42. Qf1 Nhf2+ 43. Bxf2 Qxc6 44. Bg1 Kg7 45. Qe2 h5 46. Qd2 1/2-1/2

[Event "Marianske Lazne op 16th"]
[Site "Marianske Lazne"]
[Date "2017.01.26"]
[Round "7"]
[White "Kalveus, Jan"]
[Black "Garabetyan, Arno"]
[Result "0-1"]
[WhiteElo "1848"]
[BlackElo "2037"]
[PlyCount "114"]
[EventDate "2017.01.21"]
[EventType "swiss"]
[EventRounds "9"]
[EventCountry "CZE"]
[SourceTitle "CBM 176 Extra"]
[Source "ChessBase"]
[SourceDate "2017.03.02"]
[SourceVersion "1"]
[SourceVersionDate "2017.03.02"]
[SourceQuality "1"]

1. d4 d6 2. Nf3 Nf6 3. Bg5 Nbd7 4. e3 g6 5. Bc4 Bg7 6. Nbd2 0-0 7. 0-0 h6 8. Bh4 g5 9. Bg3 Nh5 10. c3 c6 11. Qc2 Nxg3 12. fxg3 e6 13. g4 Qe7 14. Bb3 Kh8 15. Qd3 f5 16. Bc2 Nf6 17. gxf5 exf5 18. Rae1 Re8 19. e4 Nxe4 20. Nxe4 fxe4 21. Rxe4 Qxe4 22. Qxe4 Rxe4 23. Bxe4 Be6 24. Nd2 Rf8 25. a3 Kg8 26. Rxf8+ Kxf8 27. Kf2 Ke7 28. Ke3 h5 29. Bg6 h4 30. Nf3 Bh6 31. Kd3 Kf6 32. Be8 Bf5+ 33. Kc4 h3 34. gxh3 Bxh3 35. b4 Be6+ 36. Kd3 g4 37. Ng1 Bf4 38. Ne2 Bxh2 39. Ke3 Kg5 40. b5 Bd5 41. c4 Bh1 42. a4 Kf6 43. Kf2 Ke7 44. Bh5 Bf3 45. Ng3 Kd7 46. Bg6 Kc7 47. Bc2 Kb6 48. bxc6 Bxg3+ 49. Kxg3 bxc6 50. Bf5 Ka5 51. Bd7 Kb4 52. d5 c5 53. Bb5 Be2 54. Kf4 Bxc4 55. Kxg4 Bxb5 56. axb5 Kxb5 57. Kf5 c4 0-1

[Event "TUR-chT"]
[Site "Izmir"]
[Date "2016.07.29"]
[Round "5.3"]
[White "Garabetyan, Arno"]
[Black "Kerigan, Demre"]
[Result "0-1"]
[WhiteElo "2063"]
[BlackElo "2346"]
[PlyCount "82"]
[EventDate "2016.07.25"]
[EventType "team-swiss"]
[EventRounds "13"]
[EventCountry "TUR"]
[SourceTitle "CBM 173 Extra"]
[Source "ChessBase"]
[SourceDate "2016.08.29"]
[SourceVersion "1"]
[SourceVersionDate "2016.08.29"]
[SourceQuality "1"]
[WhiteTeam "Bogazici Universitesi"]
[BlackTeam "Tarsus Zeka"]
[WhiteTeamCountry "TUR"]
[BlackTeamCountry "TUR"]

1. d4 g6 2. Nf3 Bg7 3. c4 d6 4. g3 Nd7 5. Bg2 e5 6. e4 Ne7 7. 0-0 0-0 8. Nc3 exd4 9. Nxd4 Nc6 10. Nxc6 bxc6 11. Qc2 Qf6 12. Na4 Rb8 13. h3 Ba6 14. Be3 Ne5 15. b3 Nf3+ 16. Kh1 c5 17. Qe2 Nd4 18. Qd2 Bb7 19. f3 Bc6 20. Bg5 Qe6 21. Nc3 a5 22. Nd5 Bxd5 23. cxd5 Qd7 24. Rab1 Rb4 25. Qd3 Rfb8 26. Bd2 R4b7 27. Bxa5 Ra7 28. Bc3 Rxa2 29. Ra1 Rxa1 30. Rxa1 Nxb3 31. Rb1 Qa4 32. Bxg7 Kxg7 33. Bf1 Rb4 34. Qc3+ Nd4 35. Ra1 Qe8 36. Bg2 Rb3 37. Qa5 Nxf3 38. Rf1 Qxe4 39. Qxc7 Qe2 40. Rxf3 Rxf3 41. Qxd6 Rf2 0-1

[Event "TUR-chT"]
[Site "Izmir"]
[Date "2016.07.27"]
[Round "3.3"]
[White "Garabetyan, Arno"]
[Black "Kanmazalp, Ogulcan"]
[Result "0-1"]
[WhiteElo "2063"]
[BlackElo "2422"]
[PlyCount "114"]
[EventDate "2016.07.25"]
[EventType "team-swiss"]
[EventRounds "13"]
[EventCountry "TUR"]
[SourceTitle "CBM 173 Extra"]
[Source "ChessBase"]
[SourceDate "2016.08.29"]
[SourceVersion "1"]
[SourceVersionDate "2016.08.29"]
[SourceQuality "1"]
[WhiteTeam "Bogazici Universitesi"]
[BlackTeam "Kayseri Seker"]
[WhiteTeamCountry "TUR"]
[BlackTeamCountry "TUR"]

1. d4 Nf6 2. c4 g6 3. Nc3 Bg7 4. e4 d6 5. Be2 0-0 6. Bg5 Na6 7. Nf3 h6 8. Be3 e5 9. dxe5 Ng4 10. Bd2 Nxe5 11. Nxe5 dxe5 12. Be3 f5 13. f3 f4 14. Qxd8 Rxd8 15. Bf2 Bf8 16. Rd1 Rxd1+ 17. Kxd1 Bc5 18. Bxc5 Nxc5 19. Kc1 Ne6 20. Rd1 Nd4 21. Bd3 Be6 22. Nd5 c6 23. Nb4 g5 24. Nc2 Nxc2 25. Kxc2 Kf7 26. c5 h5 27. Be2 g4 28. Rd6 Rh8 29. Kd2 h4 30. Ke1 h3 31. gxh3 Rxh3 32. fxg4 Rxh2 33. g5 Rg2 34. Bh5+ Ke7 35. g6 Rg5 36. Bf3 Rxg6 37. a3 Rg3 38. Kf2 Rg8 39. b4 Rh8 40. Kg2 Rg8+ 41. Kf2 Rd8 42. Rxd8 Kxd8 43. Be2 Ke7 44. Bf1 Bb3 45. Bh3 Be6 46. Bf1 b6 47. Ba6 bxc5 48. bxc5 Bb3 49. Kf3 Bd1+ 50. Kf2 Kd7 51. Kg2 Kc7 52. Kf2 Ba4 53. Be2 Bb5 54. Bd1 Kb7 55. Bc2 Ka6 56. a4 Bc4 57. Kf3 Ka5 0-1